Phlebotomy : (Record no. 171226)

MARC details
000 -LEADER
fixed length control field 00995nam a22002777a 4500
003 - CONTROL NUMBER IDENTIFIER
control field OSt
005 - DATE AND TIME OF LATEST TRANSACTION
control field 20250130111517.0
008 - FIXED-LENGTH DATA ELEMENTS--GENERAL INFORMATION
fixed length control field 250130b |||||||| |||| 00| 0 eng d
020 ## - INTERNATIONAL STANDARD BOOK NUMBER
International Standard Book Number 9780323642668 (paperback)
040 ## - CATALOGING SOURCE
Original cataloging agency NUST
Language of cataloging eng
Transcribing agency NUST
Modifying agency NUST
Description conventions rda
050 ## - LIBRARY OF CONGRESS CALL NUMBER
Classification number RB45.15 WAR
100 ## - MAIN ENTRY--PERSONAL NAME
Personal name Warekois, Robin S
Relator term Author
245 ## - TITLE STATEMENT
Title Phlebotomy :
Remainder of title worktext and procedures manual /
Statement of responsibility, etc. Robin S. Warekois, Richard Robinson, Pamela B. Primrose
250 ## - EDITION STATEMENT
Edition statement Fifth edition.
260 ## - PUBLICATION, DISTRIBUTION, ETC.
Place of publication, distribution, etc. Amsterdam :
Name of publisher, distributor, etc. Elsevier,
Date of publication, distribution, etc. 2020.
300 ## - PHYSICAL DESCRIPTION
Extent xiii, 370 pages
Other physical details illustrations ;
Dimensions 26 cm.
336 ## - CONTENT TYPE
Source rdamedia
Content type term text
Content type code txt
337 ## - MEDIA TYPE
Source rdamedia
Media type term unmediated
Media type code n
338 ## - CARRIER TYPE
Source rdamedia
Carrier type term volume
Carrier type code nc
504 ## - BIBLIOGRAPHY, ETC. NOTE
Bibliography, etc. note Includes bibliographic references and index.
650 ## - SUBJECT ADDED ENTRY--TOPICAL TERM
Form subdivision Phlebotomy.
650 ## - SUBJECT ADDED ENTRY--TOPICAL TERM
Form subdivision Phlebotomy -- Examinations, questions, etc
700 ## - ADDED ENTRY--PERSONAL NAME
Personal name Robinson, Richard
Relator term Author
700 ## - ADDED ENTRY--PERSONAL NAME
Personal name Primrose, Pamela B
Relator term Author
942 ## - ADDED ENTRY ELEMENTS (KOHA)
Source of classification or shelving scheme Library of Congress Classification
Koha item type Ordinary Loan Books
Edition Fifth edition.
Classification part RB45.15 WAR
Call number prefix RB
Call number suffix WAR
Suppress in OPAC No
Holdings
Withdrawn status Lost status Source of classification or shelving scheme Damaged status Not for loan Collection Home library Current library Shelving location Date acquired Source of acquisition Cost, normal purchase price Total Checkouts Full call number Barcode Date last seen Accession number Cost, replacement price Price effective from Koha item type Public note
    LCC     NFIC MEDICAL MEDICAL GEN 01/30/2025 Book Aid International 79.98   RB45.15 WAR 92004055234 01/30/2025 62469 79.98 01/30/2025 BOOKS Donation
    LCC     NFIC MEDICAL MEDICAL GEN 02/13/2025 Book Aid International 79.98   RB45.15 WAR 92004054971 02/13/2025 62345 79.98 02/13/2025 BOOKS Donation
    LCC     NFIC MEDICAL MEDICAL GEN 02/14/2025 Book Aid International 79.98   RB45.15 WAR 92004054711 02/14/2025 62469 79.98 02/14/2025 BOOKS Donation